Prevention in mental health (Record no. 2130)

000 -LEADER
fixed length control field nam a22 a 4500
005 - DATE AND TIME OF LATEST TRANSACTION
control field 20170515122609.0
008 - FIXED-LENGTH DATA ELEMENTS--GENERAL INFORMATION
fixed length control field 170515b1980 enk||||| |||| 00| 0 eng d
020 ## - INTERNATIONAL STANDARD BOOK NUMBER
International Standard Book Number 0803914695
Terms of availability £12.50
040 ## - CATALOGING SOURCE
Original cataloging agency AKMAL
082 ## - DEWEY DECIMAL CLASSIFICATION NUMBER
Edition number 18
Classification number 362.204 KET
090 ## - LOCALLY ASSIGNED LC-TYPE CALL NUMBER (OCLC); LOCAL CALL NUMBER (RLIN)
Classification number (OCLC) (R) ; Classification number, CALL (RLIN) (NR) 362.204
Local cutter number (OCLC) ; Book number/undivided call number, CALL (RLIN) KET
245 ## - TITLE STATEMENT
Title Prevention in mental health
Remainder of title research, policy and practice /
Statement of responsibility, etc. edited by Richard H. Price ... [et al.].
260 ## - PUBLICATION, DISTRIBUTION, ETC.
Place of publication, distribution, etc. Beverly Hills
-- London
Name of publisher, distributor, etc. Sage Publications
Date of publication, distribution, etc. 1980.
300 ## - PHYSICAL DESCRIPTION
Extent 320p.
Dimensions 23cm
490 ## - SERIES STATEMENT
Series statement Sage annual reviews of community mental health
Volume/sequential designation vol. 1
504 ## - BIBLIOGRAPHY, ETC. NOTE
Bibliography, etc. note Includes bibliographies
650 ## - SUBJECT ADDED ENTRY--TOPICAL TERM
Topical term or geographic name entry element Community mental health services.
9 (RLIN) 4436
650 ## - SUBJECT ADDED ENTRY--TOPICAL TERM
Topical term or geographic name entry element Mental illness
General subdivision Prevention.
9 (RLIN) 4437
650 ## - SUBJECT ADDED ENTRY--TOPICAL TERM
Topical term or geographic name entry element Community mental health services.
9 (RLIN) 4436
650 ## - SUBJECT ADDED ENTRY--TOPICAL TERM
Topical term or geographic name entry element Community psychiatry.
9 (RLIN) 4438
700 ## - ADDED ENTRY--PERSONAL NAME
Personal name Price, Richard H
9 (RLIN) 4439
942 ## - ADDED ENTRY ELEMENTS (KOHA)
Source of classification or shelving scheme
Koha item type Book
Holdings
Withdrawn status Lost status Source of classification or shelving scheme Damaged status Not for loan Collection code Home library Current library Shelving location Date acquired Inventory number Total Checkouts Full call number Barcode Date last seen Price effective from Koha item type
          NON-FICTION AKMAL Melaka AKMAL Melaka PINJAMAN 15.05.2017 301583   362.204 KET 201706239 15.05.2017 15.05.2017 Book
Pusat Sumber Maklumat Dato' Haji Sarmin Md Hussin, Akademi Kastam Diraja Malaysia, Melaka
Tel: 06-2331106 | Faks: 06-2313787